00491nam a2200145Ia 4500008004100000082001100041082000800052245011200060245002300172260002300195300000900218942000800227999001900235952009100254231017s9999 xx 000 0 und d a625.85 bROQ 0aIntroduction of Fracture Resistance to the Design and Evaluation of Open Graded Fraction Sources in Florida 0cDr. Reynaldo Roque bDr. Reynaldo Roque c30cm cREP c604809d604809 00104070aNITbNITd2023-10-17l0o625.85 ROQpNIT-6862r2023-10-17w2023-10-17yREP